Sports Quiz

Random Sports or NFL Quiz

Super Bowl Win-Loss Count Quiz Stats

 Plays Quiz Updated Feb 4, 2018

Challenge
Share
Tweet
Embed
Score 0/12 Timer 02:00
15 Plays Today
Super Bowl Games: Wins and Losses Teams % Correct
5 WinsCowboys, 49ers, Patriots
96.4%
6 WinsSteelers
96.4%
4 WinsGiants, Packers
93.3%
1 WinBears, Buccaneers, Chiefs, Eagles, Jets, Rams, Saints, Seahawks
90.4%
3 WinsBroncos, Raiders, Redskins
89.2%
4 LossesBills, Vikings
86.1%
2 WinsColts, Dolphins, Ravens
84.9%
Never appeared in a Super BowlBrowns, Lions, Jaguars, Texans
79.1%
1 LossBears, Cardinals, Chargers, Chiefs, 49ers, Giants, Packers, Titans
74.3%
2 LossesBengals, Colts, Eagles, Falcons, Panthers, Raiders, Rams, Redskins, Seahawks, Steelers
71.6%
3 LossesCowboys, Dolphins
55.1%
5 LossesBroncos, Patriots
49%

You're not logged in!

Compare scores with friends on all Sporcle quizzes.
OR
Log In

You Might Also Like...

Show Comments

Extras

Top Quizzes Today


Score Distribution

Your Account Isn't Verified!

In order to create a playlist on Sporcle, you need to verify the email address you used during registration. Go to your Sporcle Settings to finish the process.

Report this User

Report this user for behavior that violates our Community Guidelines.

Details: